[Event "Women's World Team Chess Championship"]
[Site "Khanty-Mansiysk, RUS."]
[Date "2017.06.24"]
[Round "7.18"]
[White "Javakhishvili Lela (GEO)"]
[Black "Mammadzada Gunay (AZE)"]
[Result "1/2-1/2"]
[BlackElo "2368"]
[WhiteElo "2447"]
[LiveChessVersion "1.4.8"]

1. d4 {[%clk 1:30:54]} Nf6 {[%clk 1:30:37]} 2. c4 {[%clk 1:30:49]} e6
{[%clk 1:30:48]} 3. Nc3 {[%clk 1:30:30]} Bb4 {[%clk 1:30:57]} 4. Qc2
{[%clk 1:30:52]} b6 {[%clk 1:31:04]} 5. e4 {[%clk 1:29:39]} c5 {[%clk 1:31:22]}
6. a3 {[%clk 1:30:02]} Bxc3+ {[%clk 1:30:36]} 7. bxc3 {[%clk 1:30:30]} Bb7
{[%clk 1:30:56]} 8. Bd3 {[%clk 1:28:22]} b5 {[%clk 1:27:19]} 9. Qb1
{[%clk 1:21:31]} cxd4 {[%clk 1:20:08]} 10. cxd4 {[%clk 1:19:34]} bxc4
{[%clk 1:10:24]} 11. Qxb7 {[%clk 1:19:34]} cxd3 {[%clk 1:10:45]} 12. Qxa8
{[%clk 1:14:50]} Qb6 {[%clk 1:09:52]} 13. Ra2 {[%clk 1:10:32]} O-O
{[%clk 1:01:49]} 14. Rb2 {[%clk 1:05:00]} d2+ {[%clk 1:02:10]} 15. Kxd2
{[%clk 1:05:17]} Qxd4+ {[%clk 1:02:21]} 16. Ke1 {[%clk 1:04:03]} Qc3+
{[%clk 1:02:04]} 17. Kd1 {[%clk 1:04:28]} Qd3+ {[%clk 0:54:56]} 18. Ke1
{[%clk 1:04:46]} Qc3+ {[%clk 0:55:16]} 19. Kd1 {[%clk 1:05:12]} Qd3+
{[%clk 0:55:34]} 1/2-1/2

[Event "Women's World Team Chess Championship"]
[Site "Khanty-Mansiysk, RUS."]
[Date "2017.06.24"]
[Round "7.19"]
[White "Mammadova Gulnar (AZE)"]
[Black "Batsiashvili Nino (GEO)"]
[Result "1/2-1/2"]
[BlackElo "2469"]
[WhiteElo "2362"]
[LiveChessVersion "1.4.8"]

1. e4 {[%clk 1:30:49]} e5 {[%clk 1:30:57]} 2. Nf3 {[%clk 1:31:14]} Nc6
{[%clk 1:31:22]} 3. Bc4 {[%clk 1:31:38]} Nf6 {[%clk 1:31:48]} 4. d3
{[%clk 1:32:03]} Bc5 {[%clk 1:32:14]} 5. O-O {[%clk 1:32:20]} O-O
{[%clk 1:32:39]} 6. a4 {[%clk 1:32:17]} a6 {[%clk 1:32:46]} 7. c3
{[%clk 1:26:05]} d6 {[%clk 1:31:55]} 8. Bg5 {[%clk 1:26:24]} h6 {[%clk 1:23:14]}
9. Bh4 {[%clk 1:26:47]} Ba7 {[%clk 1:19:41]} 10. Nbd2 {[%clk 1:26:30]} Qe7
{[%clk 1:19:53]} 11. b4 {[%clk 1:22:59]} Be6 {[%clk 1:19:11]} 12. Bb3
{[%clk 1:21:14]} Bxb3 {[%clk 1:09:03]} 13. Qxb3 {[%clk 1:19:44]} Qe6
{[%clk 1:08:56]} 14. b5 {[%clk 1:13:16]} Na5 {[%clk 1:02:12]} 15. Qc2
{[%clk 1:09:50]} Nd7 {[%clk 0:56:35]} 16. d4 {[%clk 1:05:44]} f5 {[%clk 0:40:37]}
17. exf5 {[%clk 1:02:31]} Qxf5 {[%clk 0:41:04]} 18. Qxf5 {[%clk 0:55:09]} Rxf5
{[%clk 0:41:32]} 19. bxa6 {[%clk 0:50:47]} bxa6 {[%clk 0:40:44]} 20. Rfe1
{[%clk 0:49:55]} exd4 {[%clk 0:40:45]} 21. cxd4 {[%clk 0:49:27]} Nb6
{[%clk 0:34:17]} 22. Bg3 {[%clk 0:44:19]} Rb8 {[%clk 0:26:12]} 23. Nf1
{[%clk 0:39:50]} Nb3 {[%clk 0:15:47]} 24. Ra2 {[%clk 0:37:27]} Ra5
{[%clk 0:13:12]} 25. Rc2 {[%clk 0:32:01]} Rb7 {[%clk 0:11:00]} 26. Re7
{[%clk 0:20:43]} Nd5 {[%clk 0:10:49]} 27. Rd7 {[%clk 0:20:35]} Nxd4
{[%clk 0:10:09]} 28. Nxd4 {[%clk 0:19:06]} Bxd4 {[%clk 0:10:35]} 29. Bxd6
{[%clk 0:18:16]} Rxa4 {[%clk 0:10:40]} 30. Bc5 {[%clk 0:15:49]} Bxc5
{[%clk 0:09:29]} 31. Rxc5 {[%clk 0:16:12]} Nf6 {[%clk 0:04:12]} 32. Rcxc7
{[%clk 0:14:05]} Rxc7 {[%clk 0:03:38]} 33. Rxc7 {[%clk 0:14:34]} a5
{[%clk 0:03:59]} 34. f3 {[%clk 0:12:28]} Nd5 {[%clk 0:02:09]} 35. Rd7
{[%clk 0:10:43]} Nb6 {[%clk 0:01:44]} 36. Rd8+ {[%clk 0:10:58]} Kf7
{[%clk 0:02:10]} 37. Ne3 {[%clk 0:08:14]} Rb4 {[%clk 0:02:07]} 38. Rd6
{[%clk 0:03:35]} a4 {[%clk 0:02:09]} 39. Nd5 {[%clk 0:02:27]} Rb1+
{[%clk 0:02:31]} 40. Kf2 {[%clk 0:32:55]} Rb2+ {[%clk 0:32:00]} 41. Kg3
{[%clk 0:31:43]} Nxd5 {[%clk 0:27:44]} 42. Rxd5 {[%clk 0:31:52]} a3
{[%clk 0:28:13]} 43. Ra5 {[%clk 0:31:37]} a2 {[%clk 0:28:29]} 44. f4
{[%clk 0:24:49]} Ke6 {[%clk 0:27:29]} 45. Kf3 {[%clk 0:24:40]} Kd6
{[%clk 0:27:28]} 46. h4 {[%clk 0:23:46]} Kc6 {[%clk 0:22:14]} 47. g4
{[%clk 0:20:21]} Kb6 {[%clk 0:22:39]} 48. Ra8 {[%clk 0:18:57]} Kb5
{[%clk 0:22:11]} 49. g5 {[%clk 0:15:58]} hxg5 {[%clk 0:19:39]} 50. fxg5
{[%clk 0:06:26]} Kb4 {[%clk 0:18:46]} 51. Kg4 {[%clk 0:06:40]} Kb3
{[%clk 0:11:45]} 52. Kh5 {[%clk 0:07:05]} Rh2 {[%clk 0:11:59]} 53. Rb8+
{[%clk 0:04:52]} Kc2 {[%clk 0:11:33]} 54. Ra8 {[%clk 0:05:18]} Kb1
{[%clk 0:11:45]} 55. Kg6 {[%clk 0:05:38]} a1=Q {[%clk 0:11:28]} 56. Rxa1+
{[%clk 0:06:02]} Kxa1 {[%clk 0:11:55]} 57. Kxg7 {[%clk 0:06:16]} Kb2
{[%clk 0:12:10]} 58. g6 {[%clk 0:06:21]} Rxh4 {[%clk 0:12:30]} 59. Kf6
{[%clk 0:06:32]} Rg4 {[%clk 0:12:54]} 60. g7 {[%clk 0:06:56]} Rxg7
{[%clk 0:13:19]} 1/2-1/2

[Event "Women's World Team Chess Championship"]
[Site "Khanty-Mansiysk, RUS."]
[Date "2017.06.24"]
[Round "7.20"]
[White "Melia Salome (GEO)"]
[Black "Fataliyeva Ulviyya (AZE)"]
[Result "1-0"]
[BlackElo "2341"]
[WhiteElo "2393"]
[LiveChessVersion "1.4.8"]

1. e4 {[%clk 1:30:56]} e6 {[%clk 1:30:58]} 2. d4 {[%clk 1:31:21]} d5
{[%clk 1:31:26]} 3. Nc3 {[%clk 1:31:46]} Nf6 {[%clk 1:31:54]} 4. e5
{[%clk 1:32:11]} Nfd7 {[%clk 1:32:22]} 5. f4 {[%clk 1:32:34]} c5 {[%clk 1:32:50]}
6. Nf3 {[%clk 1:32:59]} Nc6 {[%clk 1:33:18]} 7. Be3 {[%clk 1:33:23]} cxd4
{[%clk 1:33:46]} 8. Nxd4 {[%clk 1:33:45]} Bc5 {[%clk 1:34:14]} 9. Qd2
{[%clk 1:30:35]} O-O {[%clk 1:34:41]} 10. O-O-O {[%clk 1:26:45]} a6
{[%clk 1:35:10]} 11. h4 {[%clk 1:25:53]} Nxd4 {[%clk 1:35:37]} 12. Bxd4
{[%clk 1:26:18]} b5 {[%clk 1:36:05]} 13. Kb1 {[%clk 1:25:55]} b4 {[%clk 1:35:25]}
14. Ne2 {[%clk 1:21:19]} a5 {[%clk 1:35:50]} 15. h5 {[%clk 1:20:44]} Ba6
{[%clk 1:35:10]} 16. h6 {[%clk 1:20:49]} g6 {[%clk 1:35:23]} 17. Ng3
{[%clk 1:12:15]} Qc7 {[%clk 1:33:07]} 18. Bxa6 {[%clk 1:07:16]} Rxa6
{[%clk 1:33:30]} 19. Nf1 {[%clk 1:07:28]} a4 {[%clk 1:31:38]} 20. Rh3
{[%clk 1:02:13]} Rb8 {[%clk 1:31:04]} 21. Ne3 {[%clk 0:49:13]} b3
{[%clk 1:12:28]} 22. cxb3 {[%clk 0:44:17]} axb3 {[%clk 1:11:18]} 23. a3
{[%clk 0:44:38]} Bxd4 {[%clk 1:06:45]} 24. Qxd4 {[%clk 0:45:04]} Rc6
{[%clk 1:07:06]} 25. Nxd5 {[%clk 0:40:10]} exd5 {[%clk 0:52:01]} 26. e6
{[%clk 0:40:38]} f6 {[%clk 0:49:19]} 27. exd7 {[%clk 0:40:13]} Rd6
{[%clk 0:49:30]} 28. Rc3 {[%clk 0:37:46]} Qxd7 {[%clk 0:49:52]} 29. Qd3
{[%clk 0:37:51]} Qa4 {[%clk 0:43:54]} 30. g3 {[%clk 0:34:37]} Rd7
{[%clk 0:35:04]} 31. Qe2 {[%clk 0:24:38]} Kf7 {[%clk 0:30:03]} 32. Re1
{[%clk 0:24:03]} Qe4+ {[%clk 0:30:15]} 33. Qxe4 {[%clk 0:24:17]} dxe4
{[%clk 0:30:44]} 34. Rxe4 {[%clk 0:24:20]} Rd1+ {[%clk 0:30:53]} 35. Rc1
{[%clk 0:24:47]} Rbd8 {[%clk 0:31:02]} 36. Rec4 {[%clk 0:15:21]} Ke6
{[%clk 0:28:41]} 37. g4 {[%clk 0:11:52]} R8d3 {[%clk 0:17:55]} 38. Rc7
{[%clk 0:06:10]} R1d2 {[%clk 0:16:09]} 39. Rxh7 {[%clk 0:04:03]} Rh2
{[%clk 0:16:22]} 40. Rb7 {[%clk 0:31:27]} Rxh6 {[%clk 0:46:20]} 41. Rb6+
{[%clk 0:12:49]} Kd5 {[%clk 0:29:57]} 42. Rxf6 {[%clk 0:13:05]} Ke4
{[%clk 0:23:24]} 43. Re1+ {[%clk 0:12:51]} Kf3 {[%clk 0:22:03]} 44. f5
{[%clk 0:11:27]} Kf2 {[%clk 0:11:17]} 45. Rc1 {[%clk 0:10:34]} Rf3
{[%clk 0:08:39]} 46. g5 {[%clk 0:07:58]} Rh5 {[%clk 0:07:38]} 47. fxg6
{[%clk 0:08:19]} Rxg5 {[%clk 0:07:30]} 48. Rf1+ {[%clk 0:07:29]} 1-0

[Event "Women's World Team Chess Championship"]
[Site "Khanty-Mansiysk, RUS."]
[Date "2017.06.25"]
[Round "8.1"]
[White "Ushenina Anna (UKR)"]
[Black "Dzagnidze Nana (GEO)"]
[Result "1/2-1/2"]
[BlackElo "2533"]
[WhiteElo "2458"]
[LiveChessVersion "1.4.8"]

1. d4 {[%clk 1:30:58]} d5 {[%clk 1:30:53]} 2. c4 {[%clk 1:31:27]} e6
{[%clk 1:31:16]} 3. Nc3 {[%clk 1:31:50]} c6 {[%clk 1:31:32]} 4. e3
{[%clk 1:31:12]} Nf6 {[%clk 1:31:08]} 5. Nf3 {[%clk 1:26:29]} Nbd7
{[%clk 1:31:23]} 6. Qc2 {[%clk 1:23:59]} Bd6 {[%clk 1:31:17]} 7. Be2
{[%clk 1:23:15]} O-O {[%clk 1:29:18]} 8. O-O {[%clk 1:23:39]} dxc4
{[%clk 1:23:47]} 9. Bxc4 {[%clk 1:22:49]} e5 {[%clk 1:23:55]} 10. Bb3
{[%clk 1:16:05]} Qe7 {[%clk 1:18:40]} 11. h3 {[%clk 1:16:15]} h6 {[%clk 1:18:09]}
12. Nh4 {[%clk 0:59:23]} Re8 {[%clk 1:18:18]} 13. Nf5 {[%clk 0:47:59]} Qf8
{[%clk 1:18:43]} 14. Nxd6 {[%clk 0:48:11]} Qxd6 {[%clk 1:19:11]} 15. Rd1
{[%clk 0:48:31]} Nb6 {[%clk 1:09:05]} 16. Ne4 {[%clk 0:38:54]} Nxe4
{[%clk 0:49:30]} 17. Qxe4 {[%clk 0:39:17]} Bd7 {[%clk 0:46:04]} 18. dxe5
{[%clk 0:36:07]} Qxe5 {[%clk 0:46:22]} 19. Qxe5 {[%clk 0:36:29]} Rxe5
{[%clk 0:46:49]} 20. Bd2 {[%clk 0:36:42]} Be6 {[%clk 0:46:18]} 21. Bc2
{[%clk 0:34:41]} Bf5 {[%clk 0:37:21]} 22. Bb3 {[%clk 0:33:26]} Be6
{[%clk 0:37:17]} 23. Bc2 {[%clk 0:32:29]} Bf5 {[%clk 0:37:28]} 24. Bb3
{[%clk 0:31:10]} 1/2-1/2

[Event "Women's World Team Chess Championship"]
[Site "Khanty-Mansiysk, RUS."]
[Date "2017.06.25"]
[Round "8.2"]
[White "Javakhishvili Lela (GEO)"]
[Black "Zhukova Natalia (UKR)"]
[Result "1/2-1/2"]
[BlackElo "2449"]
[WhiteElo "2447"]
[LiveChessVersion "1.4.8"]

1. d4 {[%clk 1:30:56]} Nf6 {[%clk 1:30:49]} 2. c4 {[%clk 1:31:19]} e6
{[%clk 1:31:00]} 3. Nf3 {[%clk 1:31:35]} c5 {[%clk 1:30:54]} 4. d5
{[%clk 1:31:51]} exd5 {[%clk 1:31:10]} 5. cxd5 {[%clk 1:32:15]} d6
{[%clk 1:31:30]} 6. Nc3 {[%clk 1:32:30]} g6 {[%clk 1:31:45]} 7. Bf4
{[%clk 1:32:49]} Bg7 {[%clk 1:30:28]} 8. Qa4+ {[%clk 1:33:03]} Bd7
{[%clk 1:30:45]} 9. Qb3 {[%clk 1:33:26]} Qc7 {[%clk 1:30:52]} 10. e4
{[%clk 1:33:20]} O-O {[%clk 1:30:34]} 11. Nd2 {[%clk 1:33:16]} Nh5
{[%clk 1:30:24]} 12. Be3 {[%clk 1:32:51]} f5 {[%clk 1:30:34]} 13. exf5
{[%clk 1:32:45]} Bxf5 {[%clk 1:30:20]} 14. Be2 {[%clk 1:32:02]} Nf6
{[%clk 1:27:22]} 15. Bf4 {[%clk 1:32:10]} Qd7 {[%clk 0:39:10]} 16. O-O
{[%clk 1:23:08]} Na6 {[%clk 0:39:20]} 17. a3 {[%clk 1:10:57]} Nc7
{[%clk 0:26:08]} 18. Nc4 {[%clk 1:03:55]} Ncxd5 {[%clk 0:11:03]} 19. Nxd5
{[%clk 0:46:25]} Nxd5 {[%clk 0:11:29]} 20. Bxd6 {[%clk 0:44:47]} Rfe8
{[%clk 0:07:53]} 21. Bf3 {[%clk 0:44:12]} Be6 {[%clk 0:08:20]} 22. Rad1
{[%clk 0:32:40]} Bd4 {[%clk 0:07:50]} 23. Bg3 {[%clk 0:13:15]} Ne7
{[%clk 0:07:29]} 24. Qc2 {[%clk 0:12:20]} Nf5 {[%clk 0:07:44]} 25. Na5
{[%clk 0:05:49]} Bd5 {[%clk 0:03:39]} 26. Bxd5+ {[%clk 0:05:33]} Qxd5
{[%clk 0:04:07]} 27. Nb3 {[%clk 0:02:57]} Rad8 {[%clk 0:04:27]} 28. Kh1
{[%clk 0:01:48]} b6 {[%clk 0:00:46]} 29. Nxd4 {[%clk 0:01:36]} Nxd4
{[%clk 0:01:11]} 30. Qc3 {[%clk 0:01:37]} Qf7 {[%clk 0:00:44]} 31. Bh4
{[%clk 0:01:33]} Rd5 {[%clk 0:01:06]} 32. a4 {[%clk 0:00:47]} Re4
{[%clk 0:00:58]} 33. Bg3 {[%clk 0:00:56]} h5 {[%clk 0:00:35]} 34. Qd3
{[%clk 0:00:43]} Re2 {[%clk 0:00:37]} 35. b3 {[%clk 0:00:46]} Rf5
{[%clk 0:00:39]} 36. b4 {[%clk 0:00:56]} Qe7 {[%clk 0:00:36]} 37. bxc5
{[%clk 0:01:15]} bxc5 {[%clk 0:01:05]} 38. Qc4+ {[%clk 0:00:51]} Kh7
{[%clk 0:01:34]} 39. Bd6 {[%clk 0:00:46]} Qe6 {[%clk 0:00:35]} 40. Qxe6
{[%clk 0:30:50]} Nxe6 {[%clk 0:30:34]} 41. f3 {[%clk 0:25:26]} c4
{[%clk 0:22:07]} 42. Rc1 {[%clk 0:23:51]} Rd5 {[%clk 0:21:40]} 43. Bb8
{[%clk 0:20:17]} Rc5 {[%clk 0:12:51]} 44. Bxa7 {[%clk 0:17:22]} Ra5
{[%clk 0:13:15]} 45. Bg1 {[%clk 0:10:50]} Rxa4 {[%clk 0:13:37]} 46. Rfd1
{[%clk 0:07:42]} Nf4 {[%clk 0:08:30]} 47. Rd4 {[%clk 0:07:13]} Nxg2
{[%clk 0:08:57]} 48. Rdxc4 {[%clk 0:06:44]} Rxc4 {[%clk 0:09:11]} 49. Rxc4
{[%clk 0:07:13]} g5 {[%clk 0:06:49]} 50. Rc6 {[%clk 0:03:59]} Nh4
{[%clk 0:06:52]} 51. Rc3 {[%clk 0:03:41]} Kg6 {[%clk 0:04:17]} 52. h3
{[%clk 0:01:05]} Re1 {[%clk 0:02:46]} 53. Kh2 {[%clk 0:01:31]} Rf1
{[%clk 0:02:51]} 54. Bb6 {[%clk 0:01:32]} Rxf3 {[%clk 0:00:56]} 55. Rxf3
{[%clk 0:01:47]} Nxf3+ {[%clk 0:01:25]} 56. Kg3 {[%clk 0:02:09]} Nd2
{[%clk 0:01:36]} 57. Bc7 {[%clk 0:01:59]} Kf5 {[%clk 0:02:01]} 58. Kg2
{[%clk 0:01:53]} Ne4 {[%clk 0:02:10]} 59. Kf3 {[%clk 0:01:40]} Nf6
{[%clk 0:02:23]} 60. Kg2 {[%clk 0:01:49]} Nd5 {[%clk 0:02:43]} 61. Bd6
{[%clk 0:01:18]} Ke4 {[%clk 0:02:39]} 62. Kg3 {[%clk 0:01:14]} Ne3
{[%clk 0:03:00]} 63. Bc7 {[%clk 0:01:13]} h4+ {[%clk 0:02:42]} 64. Kh2
{[%clk 0:01:07]} Nf5 {[%clk 0:00:46]} 65. Kg2 {[%clk 0:01:04]} Nd4
{[%clk 0:01:13]} 66. Bb8 {[%clk 0:01:05]} Ne6 {[%clk 0:01:33]} 67. Bd6
{[%clk 0:01:15]} Nf4+ {[%clk 0:01:57]} 68. Kh2 {[%clk 0:01:43]} Kf3
{[%clk 0:02:11]} 69. Bc7 {[%clk 0:01:12]} Ne6 {[%clk 0:01:53]} 70. Bb6
{[%clk 0:01:04]} Ke4 {[%clk 0:01:12]} 71. Kg2 {[%clk 0:01:07]} Nf4+
{[%clk 0:01:33]} 72. Kh2 {[%clk 0:01:34]} Nd3 {[%clk 0:00:50]} 73. Bd8
{[%clk 0:01:38]} Ne1 {[%clk 0:00:49]} 74. Ba5 {[%clk 0:01:22]} Nf3+
{[%clk 0:00:46]} 75. Kg2 {[%clk 0:01:49]} Nd4 {[%clk 0:01:03]} 1/2-1/2

[Event "Women's World Team Chess Championship"]
[Site "Khanty-Mansiysk, RUS."]
[Date "2017.06.25"]
[Round "8.3"]
[White "Gaponenko Inna (UKR)"]
[Black "Khotenashvili Bela (GEO)"]
[Result "1/2-1/2"]
[BlackElo "2452"]
[WhiteElo "2428"]
[LiveChessVersion "1.4.8"]

1. e4 {[%clk 1:30:57]} g6 {[%clk 1:30:51]} 2. d4 {[%clk 1:31:04]} Bg7
{[%clk 1:31:13]} 3. Nc3 {[%clk 1:30:31]} c6 {[%clk 1:31:27]} 4. f4
{[%clk 1:24:29]} d5 {[%clk 1:31:45]} 5. e5 {[%clk 1:24:55]} Nh6 {[%clk 1:32:10]}
6. Nf3 {[%clk 1:16:40]} O-O {[%clk 1:32:21]} 7. Be3 {[%clk 1:13:58]} Qb6
{[%clk 1:32:33]} 8. Na4 {[%clk 1:09:39]} Qa5+ {[%clk 1:32:56]} 9. c3
{[%clk 1:07:41]} Nd7 {[%clk 1:32:59]} 10. b4 {[%clk 1:03:10]} Qc7
{[%clk 1:33:09]} 11. Be2 {[%clk 0:56:06]} f6 {[%clk 1:08:27]} 12. O-O
{[%clk 0:41:50]} b5 {[%clk 0:54:25]} 13. Nb2 {[%clk 0:28:40]} Nb6
{[%clk 0:50:42]} 14. a4 {[%clk 0:24:05]} Nc4 {[%clk 0:47:26]} 15. Nxc4
{[%clk 0:24:26]} bxc4 {[%clk 0:47:48]} 16. a5 {[%clk 0:23:09]} Bg4
{[%clk 0:45:14]} 17. h3 {[%clk 0:17:19]} Bxf3 {[%clk 0:39:49]} 18. Bxf3
{[%clk 0:17:46]} a6 {[%clk 0:38:37]} 19. g4 {[%clk 0:13:05]} f5 {[%clk 0:17:45]}
20. g5 {[%clk 0:12:04]} Nf7 {[%clk 0:18:10]} 21. h4 {[%clk 0:11:46]} Nd8
{[%clk 0:14:12]} 22. h5 {[%clk 0:10:48]} Re8 {[%clk 0:13:52]} 23. Ra2
{[%clk 0:10:38]} Kf7 {[%clk 0:11:03]} 24. Rh2 {[%clk 0:11:00]} Rh8
{[%clk 0:09:40]} 25. Kg2 {[%clk 0:10:53]} Ne6 {[%clk 0:09:31]} 26. Rfh1
{[%clk 0:10:35]} Qd7 {[%clk 0:08:24]} 27. Rh4 {[%clk 0:08:20]} Nc7
{[%clk 0:04:30]} 28. R1h2 {[%clk 0:06:07]} Ne6 {[%clk 0:02:06]} 29. Qh1
{[%clk 0:05:09]} Rhg8 {[%clk 0:02:35]} 30. Bd1 {[%clk 0:05:21]} Ke8
{[%clk 0:02:04]} 31. Bc2 {[%clk 0:05:00]} Kd8 {[%clk 0:02:00]} 32. hxg6
{[%clk 0:04:02]} hxg6 {[%clk 0:02:29]} 33. Rh7 {[%clk 0:04:10]} Kc7
{[%clk 0:02:20]} 34. Kg3 {[%clk 0:04:02]} Nf8 {[%clk 0:01:36]} 35. R7h4
{[%clk 0:04:02]} Ne6 {[%clk 0:01:50]} 36. Bc1 {[%clk 0:03:49]} Kb7
{[%clk 0:01:57]} 37. Ba4 {[%clk 0:03:23]} Nc7 {[%clk 0:01:34]} 38. Rh7
{[%clk 0:03:13]} Ne6 {[%clk 0:01:07]} 39. Be3 {[%clk 0:02:03]} Nf8
{[%clk 0:01:13]} 40. R7h4 {[%clk 0:32:11]} Ne6 {[%clk 0:31:37]} 41. Kf2
{[%clk 0:32:00]} Rad8 {[%clk 0:24:12]} 42. Qf3 {[%clk 0:19:43]} Rh8
{[%clk 0:21:17]} 43. Qh1 {[%clk 0:14:46]} Rxh4 {[%clk 0:21:19]} 44. Rxh4
{[%clk 0:15:15]} Rg8 {[%clk 0:21:32]} 45. Qf3 {[%clk 0:13:12]} Qd8
{[%clk 0:19:28]} 46. Qh1 {[%clk 0:13:20]} Qd7 {[%clk 0:19:48]} 47. Qf3
{[%clk 0:13:15]} Qd8 {[%clk 0:20:13]} 48. Qh1 {[%clk 0:13:38]} Qd7
{[%clk 0:20:36]} 1/2-1/2

[Event "Women's World Team Chess Championship"]
[Site "Khanty-Mansiysk, RUS."]
[Date "2017.06.25"]
[Round "8.4"]
[White "Batsiashvili Nino (GEO)"]
[Black "Osmak Iulija (UKR)"]
[Result "1-0"]
[BlackElo "2350"]
[WhiteElo "2469"]
[LiveChessVersion "1.4.8"]

1. d4 {[%clk 1:30:57]} d5 {[%clk 1:30:55]} 2. c4 {[%clk 1:31:24]} c6
{[%clk 1:31:21]} 3. Nf3 {[%clk 1:31:51]} Nf6 {[%clk 1:31:47]} 4. Qc2
{[%clk 1:32:17]} dxc4 {[%clk 1:31:52]} 5. Qxc4 {[%clk 1:32:45]} Bf5
{[%clk 1:32:15]} 6. g3 {[%clk 1:33:02]} e6 {[%clk 1:32:39]} 7. Bg2
{[%clk 1:33:28]} Be7 {[%clk 1:33:04]} 8. O-O {[%clk 1:33:49]} O-O
{[%clk 1:33:29]} 9. e3 {[%clk 1:33:56]} Nbd7 {[%clk 1:33:31]} 10. Rd1
{[%clk 1:34:16]} Qc7 {[%clk 1:30:55]} 11. Nc3 {[%clk 1:34:17]} e5
{[%clk 1:29:51]} 12. e4 {[%clk 1:33:32]} Nxe4 {[%clk 1:14:47]} 13. Nd5
{[%clk 1:33:44]} Qd8 {[%clk 1:14:47]} 14. Nxe7+ {[%clk 1:24:48]} Qxe7
{[%clk 1:15:10]} 15. dxe5 {[%clk 1:21:20]} Nxe5 {[%clk 0:54:32]} 16. Nxe5
{[%clk 1:21:43]} Qxe5 {[%clk 0:54:59]} 17. Bf4 {[%clk 1:22:08]} Qe6
{[%clk 0:48:52]} 18. Qb4 {[%clk 1:21:07]} b5 {[%clk 0:35:18]} 19. Re1
{[%clk 1:02:28]} a5 {[%clk 0:35:26]} 20. Qd4 {[%clk 1:00:41]} Rad8
{[%clk 0:29:57]} 21. Qb6 {[%clk 1:00:30]} Qg6 {[%clk 0:29:45]} 22. Rac1
{[%clk 0:56:00]} Rc8 {[%clk 0:29:35]} 23. Qxa5 {[%clk 0:55:11]} Rfe8
{[%clk 0:28:08]} 24. Qb4 {[%clk 0:35:42]} h5 {[%clk 0:25:37]} 25. Re3
{[%clk 0:29:30]} Re6 {[%clk 0:24:36]} 26. Rce1 {[%clk 0:27:09]} Ng5
{[%clk 0:21:16]} 27. Bxg5 {[%clk 0:12:17]} Qxg5 {[%clk 0:21:37]} 28. Qc5
{[%clk 0:12:42]} Rxe3 {[%clk 0:18:06]} 29. Rxe3 {[%clk 0:09:54]} Qg6
{[%clk 0:17:59]} 30. a3 {[%clk 0:06:04]} h4 {[%clk 0:15:15]} 31. gxh4
{[%clk 0:06:03]} Rd8 {[%clk 0:12:01]} 32. h3 {[%clk 0:06:16]} Rd5
{[%clk 0:08:38]} 33. Qc3 {[%clk 0:06:22]} Rd6 {[%clk 0:05:36]} 34. Rg3
{[%clk 0:04:29]} Qh6 {[%clk 0:05:55]} 35. Qe5 {[%clk 0:04:32]} Rf6
{[%clk 0:06:11]} 36. Rg5 {[%clk 0:03:54]} Bb1 {[%clk 0:05:02]} 37. Qd4
{[%clk 0:03:01]} Re6 {[%clk 0:03:55]} 38. Kh2 {[%clk 0:03:11]} Qf6
{[%clk 0:02:44]} 39. Qxf6 {[%clk 0:02:32]} Rxf6 {[%clk 0:03:11]} 40. Kg3
{[%clk 0:32:39]} Rd6 {[%clk 0:30:32]} 41. Re5 {[%clk 0:24:41]} Rd3+
{[%clk 0:27:56]} 42. Re3 {[%clk 0:24:14]} c5 {[%clk 0:25:50]} 43. Rxd3
{[%clk 0:21:13]} Bxd3 {[%clk 0:26:16]} 44. Kf4 {[%clk 0:21:39]} f6
{[%clk 0:26:13]} 45. Ke3 {[%clk 0:21:43]} Bc4 {[%clk 0:25:45]} 46. Be4
{[%clk 0:14:59]} Be6 {[%clk 0:22:47]} 47. Bc6 {[%clk 0:15:27]} Bc4
{[%clk 0:22:16]} 48. b4 {[%clk 0:15:51]} cxb4 {[%clk 0:22:35]} 49. axb4
{[%clk 0:16:20]} Kf7 {[%clk 0:21:20]} 50. Kd4 {[%clk 0:16:43]} Kg6
{[%clk 0:20:39]} 51. Kc5 {[%clk 0:17:00]} Bf1 {[%clk 0:19:49]} 52. Bxb5
{[%clk 0:17:25]} Bxh3 {[%clk 0:20:16]} 53. Be8+ {[%clk 0:17:01]} Kh6
{[%clk 0:20:30]} 54. b5 {[%clk 0:17:28]} g5 {[%clk 0:20:35]} 55. hxg5+
{[%clk 0:17:51]} fxg5 {[%clk 0:20:55]} 56. b6 {[%clk 0:18:05]} Bc8
{[%clk 0:21:21]} 57. Kc6 {[%clk 0:18:27]} Ba6 {[%clk 0:21:32]} 58. Kc7
{[%clk 0:18:51]} g4 {[%clk 0:21:56]} 59. Bb5 {[%clk 0:18:33]} Bxb5
{[%clk 0:22:04]} 60. b7 {[%clk 0:19:02]} 1-0

[Event "Women's World Team Chess Championship"]
[Site "Khanty-Mansiysk, RUS."]
[Date "2017.06.25"]
[Round "8.7"]
[White "Yu Jennifer R (USA)"]
[Black "Mammadova Gulnar (AZE)"]
[Result "1/2-1/2"]
[BlackElo "2362"]
[WhiteElo "2319"]
[LiveChessVersion "1.4.8"]

1. c4 {[%clk 1:30:56]} e5 {[%clk 1:30:55]} 2. Nc3 {[%clk 1:31:14]} Nc6
{[%clk 1:31:19]} 3. g3 {[%clk 1:31:36]} g6 {[%clk 1:31:42]} 4. Bg2
{[%clk 1:31:58]} Bg7 {[%clk 1:32:05]} 5. e4 {[%clk 1:31:51]} d6 {[%clk 1:31:47]}
6. Nge2 {[%clk 1:32:05]} Nge7 {[%clk 1:30:38]} 7. d3 {[%clk 1:32:12]} Be6
{[%clk 1:28:04]} 8. Nd5 {[%clk 1:31:09]} O-O {[%clk 1:27:36]} 9. Be3
{[%clk 1:30:57]} Nd4 {[%clk 1:25:43]} 10. O-O {[%clk 1:19:36]} c6
{[%clk 1:23:56]} 11. Nxe7+ {[%clk 1:19:53]} Qxe7 {[%clk 1:24:16]} 12. Nxd4
{[%clk 1:17:27]} exd4 {[%clk 1:24:37]} 13. Bd2 {[%clk 1:17:53]} f5
{[%clk 1:20:17]} 14. Qe2 {[%clk 1:11:49]} Rae8 {[%clk 1:17:15]} 15. Rae1
{[%clk 1:08:23]} Qd7 {[%clk 1:12:04]} 16. b3 {[%clk 1:00:30]} a6 {[%clk 1:09:02]}
17. a4 {[%clk 0:55:22]} b5 {[%clk 0:57:20]} 18. axb5 {[%clk 0:46:18]} axb5
{[%clk 0:56:28]} 19. cxb5 {[%clk 0:41:47]} cxb5 {[%clk 0:55:46]} 20. Qd1
{[%clk 0:42:02]} fxe4 {[%clk 0:47:53]} 21. Rxe4 {[%clk 0:41:33]} d5
{[%clk 0:38:33]} 22. Ree1 {[%clk 0:37:28]} Bg4 {[%clk 0:33:44]} 23. f3
{[%clk 0:37:18]} Bf5 {[%clk 0:33:48]} 24. Bb4 {[%clk 0:35:18]} Rxe1
{[%clk 0:33:52]} 25. Rxe1 {[%clk 0:30:15]} Re8 {[%clk 0:33:35]} 26. g4
{[%clk 0:19:04]} Rxe1+ {[%clk 0:32:06]} 27. Bxe1 {[%clk 0:19:28]} Be6
{[%clk 0:32:30]} 28. Qe2 {[%clk 0:14:00]} Kf7 {[%clk 0:28:01]} 29. Bg3
{[%clk 0:13:54]} Bh6 {[%clk 0:22:55]} 30. h3 {[%clk 0:06:41]} Be3+
{[%clk 0:20:48]} 31. Kh2 {[%clk 0:07:08]} h5 {[%clk 0:16:31]} 32. Be5
{[%clk 0:04:12]} Qe7 {[%clk 0:13:34]} 33. f4 {[%clk 0:03:08]} Qh4
{[%clk 0:07:57]} 34. f5 {[%clk 0:02:11]} gxf5 {[%clk 0:07:57]} 35. gxf5
{[%clk 0:01:53]} Bxf5 {[%clk 0:06:24]} 36. Bxd5+ {[%clk 0:02:19]} Ke7
{[%clk 0:04:25]} 37. Bg2 {[%clk 0:02:33]} Qf2 {[%clk 0:03:45]} 38. Qxf2
{[%clk 0:01:36]} Bxf2 {[%clk 0:04:13]} 39. Bf1 {[%clk 0:01:26]} Ke6
{[%clk 0:01:53]} 40. Bg7 {[%clk 0:31:39]} Kf7 {[%clk 0:31:17]} 41. Be5
{[%clk 0:30:26]} Ke6 {[%clk 0:22:40]} 42. Bg7 {[%clk 0:28:21]} Kf7
{[%clk 0:14:30]} 43. Be5 {[%clk 0:26:44]} Be6 {[%clk 0:13:24]} 44. b4
{[%clk 0:26:23]} Be1 {[%clk 0:13:41]} 45. Bd6 {[%clk 0:18:29]} Bd5
{[%clk 0:13:41]} 46. Bg2 {[%clk 0:16:56]} Ke6 {[%clk 0:12:39]} 47. Bc5
{[%clk 0:13:47]} Bxg2 {[%clk 0:11:51]} 48. Kxg2 {[%clk 0:14:12]} Kf5
{[%clk 0:12:13]} 49. Kf3 {[%clk 0:14:26]} Bd2 {[%clk 0:12:18]} 50. Kg3
{[%clk 0:12:03]} 1/2-1/2